00745nam a2200193 4500001000700000003000900007005001700016007000300033008004100036100002300077245013800100260003200238300003700270700003500307700003600342852003200378999001900410952012200429144412ES-MaACL20230906201018.0t|070214s1972 sp r ||||1| spa d1 aSilber, R.910632910aHidráulica del régimen permanente en canales y ríos / cR. Silber ; versión de Jorge Aguiló Bonnin, Rafael Cervera Alvarez. aMadrid : bAguilar, c1972. aXXIII, 266 p. : bil. ; c22 cm.1 aAguiló Bonnin, Jorge.9187951 aCervera Alvarez, Rafael.937636 aES-MaACLjC-42960 bR.81973 c144412d144412 00104070aATENEOMbATENEOMcDEPO2d2008-01-17eSCl0oC-42960p1150252r2023-02-23 00:00:00w2023-02-23yMONOGRAFIA